000 00682nam a2200253Ia 4500
003 OSt
005 20221005065906.0
006 a|||||r|||| 00| 0
007 ta
008 221004b |||||||| |||| 00| 0 guj d
024 _a40703
037 _cTextual
040 _aCRL
_cCRL
_bguj
041 _2guj
_aguj
082 _aO156,3NPA, K4
100 _aParakh Deehrajdyan Au.
_9605107
245 0 _aChandrni Sakhey
260 _aMumbai
_bChandra Prakashan India
_c1968
300 _a483p.
_ccm.
650 _a GUJRATI LITERATURE
650 _aGUJRATI FICTION
942 _hO156,3NPA, K4
_cTEXL
_2cc
999 _c975388
_d975388